[Event "Madurai Athens of the East op-C 1st"]
[Site "Madurai"]
[Date "2019.08.16"]
[Round "7"]
[White "Khandelwal, Naman"]
[Black "Sai Nikhil, Y."]
[Result "0-1"]
[WhiteElo "1468"]
[BlackElo "1366"]
[PlyCount "118"]
[EventDate "2019.08.14"]
[EventType "swiss"]
[EventRounds "10"]
[EventCountry "IND"]
[SourceTitle "EXT 2022"]
[Source "ChessBase"]
[SourceDate "2021.10.06"]
[SourceVersion "1"]
[SourceVersionDate "2021.10.06"]
[SourceQuality "1"]

1. d4 Nf6 2. c4 g6 3. g3 Bg7 4. Bg2 0-0 5. Nf3 d6 6. 0-0 c5 7. Nc3 Nc6 8. d5 Na5 9. Qd3 a6 10. e4 Rb8 11. Rb1 b5 12. Nd2 bxc4 13. Nxc4 Nxc4 14. Qxc4 Rb4 15. Qd3 Qb6 16. a3 Rb3 17. Qc2 Nd7 18. Bd2 Ne5 19. Rfc1 Qb8 20. Be1 c4 21. Bf1 Bd7 22. Be2 Bg4 23. Bxg4 Nxg4 24. Nd1 Ne5 25. Ne3 Nd3 26. Rd1 Nxb2 27. Rd2 Rc8 28. Kg2 Nd3 29. Rbd1 Rb2 30. Qa4 Rxd2 31. Bxd2 Nb2 32. Qxa6 Nxd1 33. Nxd1 c3 34. Bc1 Qa8 35. Qd3 Qb7 36. Ne3 Rb8 37. Ng4 Qb1 38. Qe3 Rc8 39. Qg5 Qxe4+ 40. Kg1 Rc5 41. Ne3 Qe5 42. Qg4 h5 43. Qa4 c2 44. Nxc2 Qc3 45. Qe8+ Kh7 46. Be3 Rc8 47. Qxf7 Qxc2 48. Qe6 Qf5 49. Qxe7 Qxd5 50. Bf4 Rc6 51. Be3 Rc2 52. Bf4 Ra2 53. Qe1 Ra1 54. Bc1 Qc6 55. Bd2 Rxe1+ 56. Bxe1 Qc1 57. Kf1 Bc3 58. h4 Qxe1+ 59. Kg2 Bd4 0-1